000 01233nam a2200373 a 4500
001
003 DO-SdBPM
005 20260128105937.0
007 ta
008 100913s2015 dr 000 0 spa d
020 _a9789945083736
040 _aDO-SdBPM
_bspa
_cBPMSU
_erda
082 4 _a923.1097293
_bB171I 2015
_222
100 1 _aInfante, Fernando,
_d1935-
_eautor
245 1 0 _aJoaquín Balaguer :
_bcronología 1986-1996/
_cFernando Infante.
246 1 3 _aCronología Joaquín Balaguer 1986/1996
260 _b
_c
264 _aSanto Domingo :
_bFundación Joaquín Balaguer,
_c2015
300 _a544 págians ;
_c23 cm.
336 _atexto
_btxt
_2rdacontent
337 _asin mediación
_bn
_2rdamedia
338 _avolumen
_bnc
_2rdacarrier
490 0 _a
500 _aIncluye índice
500 _aIncluye datos biográficos del autor en la solapa de la cubierta
590 _aInventariado, 2025/VM
590 _6Inventariado, 2025/VM
600 1 7 _a Balaguer, Joaquín,
_d1906-2002
_vCronología
650 7 _aEstadistas dominicanos |
650 7 _aPolítica dominicana
_y1986-1996
651 7 _aRepública Dominicana
_xPolítica y gobierno
910 _aVMateo V. Control de calidad. BPMSU
942 _2ddc
_cBK
999 _c15480
_d15480